000 01041cam a22002771i 4500
003 SA-RiAUC
005 20260306123759.0
008 260223s2007 le g 000 0 ara c
040 _aSA-JeALM
_bara
_cSA-RiAUC.
_erda
082 0 4 _a232.64
_qSA-RiAUC
090 _a232.64
_bا ب و ش
100 1 _aأبو شهبة، محمد محمد
_eمؤلف.
245 1 2 _aالوضع في الحديث ورد شبه المستشرقين وغيرهم من الباحثين /
_cمحمد محمد أبو شهبة
250 _aالطبعة الأولى.
264 1 _aالقاهرة ؛
_bمكتبة العلم،
_c2003
300 _a384 صفحة ؛
_c24 سم
336 _aنص
_btxt
_2rdacontent
_3كتاب
337 _aبدون وسيط
_bn
_2rdamedia
338 _aمجلد
_bnc
_2rdacarrier
650 7 _aالحديث الموضوع
_2aucsh
650 7 _aعلم رواية الحديث
_2aucsh
650 _aالإستشراق
650 _aالإسلام دفع مطاعن
942 _2ddc
_cBOOK
_n0
949 _aSA-JeALM
_d260223
_uosman123
_n1
999 _c14482
_d14482